000
00403nam a22001217a 4500
040
_c
SK
082
_a
147
100
_a
វន មុនិន្ទ
245
_a
Writing thesis and project development; វិធីសាស្ត្រសរសេសារណាបទ និងអភិវឌ្ឍន៏គំរោងសរសេរ
260
_a
RUA
_b
វន
_c
2008
300
_a
48p.
942
_c
KB
999
_c
10162
_d
10162